Statistics for Longest River In Each Continent

Click here to take the quiz!

General Stats

  • This quiz has been taken 26 times
  • The average score is 5 of 6

Answer Stats

ContinentRiver% Correct
AfricaNile
100%
South AmericaAmazon
96%
North AmericaMississippi-Missouri
96%
EuropeVolga
81%
AsiaYangtze
69%
AustraliaMurray-Darling
46%

Score Distribution

Percentile by Number Answered

Percent of People with Each Score

Your Score History

You have not taken this quiz